000 00348nam a2200133Ia 4500
008 230312s9999||||xx |||||||||||||| ||und||
082 _a891.4
_bMAH-I
100 _aحافظ محمود اختر
245 0 _aاسلامیات (لازمی)
260 _bالاہیڈ بک سنٹر
_apak
_c2005
300 _a388
650 _aLiterature
942 _cBK
999 _c15078
_d15078